banner-ar

IAWA : (Record no. 4844)

MARC details
000 -الفاتح
حقل البيانات ثابتة الطول 00421nam a2200145Ia 4500
008 - عناصر البيانات ثابتة الطول - معلومات عامة
حقل البيانات ثابتة الطول 140319s9999 xx 000 0 eng d
040 ## - مصدر الفهرسة
وكالة الفهرسة الأصلية GCL /
وكالة النسخ GCL
082 04 - رقم تصنيف ديوى العشرى
رقم التصنيف 917.7703
رقم المادة O I
245 10 - بيان العنوان
العنوان IAWA :
بقية العنوان A CELEBRATION OF LAND, PEOPLE OF PURPOSE
260 ## - PUBLICATION, DISTRIBUTION, ETC. (IMPRINT)
تاريخ النشر أو التوزيع 1995
650 04 - المدخل الاضافى بالموضوع-مصطلح موضوعى
مصطلح موضوعي IOWA - UNITED STATES
650 04 - المدخل الاضافى بالموضوع-مصطلح موضوعى
مصطلح موضوعي IOWA - DESCRIPTION AND TRAVEL
942 ## - عناصر المدخل الإضافي( كوها)
مصدر التصنيف او مخطط الترفيف Dewey Decimal Classification
Koha [default] item type كتاب
260 ## - PUBLICATION, DISTRIBUTION, ETC. (IMPRINT)
-- [S.N] :
-- IOWA SESQUICENTENNIAL COMMISION ،
Holdings
حالة التراجع حالة الفقد حالة تلف ليس للاعارة المكان المؤقت الموقع الحالى تاريخ الاكتساب اجمالي اﻻعارات رقم الطلب الباركود تاريخ اخر مشاهدة تاريخ تفعيل السعر نوع وعاء كوها
        مكتبة القاهرة الكبرى مكتبة القاهرة الكبرى 03/26/2014   917.7703\O I 10836 03/26/2014 03/26/2014 كتاب

Powered By

EGPV